01350cam a22003011 4500001001300000003000400013005001700017008004100034010001700075035001900092040004400111042001200155050002400167082001700191086001800208100002900226245010000255260004800355300002100403490005200424500012600476500023500602650004400837650004800881650004300929700005900972999001701031l 39000103 DLC20260227111537.0820222s1939 dcu f000 0 eng c al 39000103  a(OCoLC)8178333 aU.S. Dept. of Labor. Libr.cVidVidDLC apremarc00aHD6093b.A3 no. 168 a331.406173 s0 aL 13.3:no.1681 aPidgeon, Mary Elizabeth.10aEmployed women and family support,cby Mary Elizabeth Pidgeon and Margaret Thompson Mettert ... aWashington,bU.S. Govt. Print. Off.,c1939. av, 57 p.c23 cm.0 aBulletin of the [U.S.] Women's Bureau,vno. 168 aAt head of title: United States Department of Labor. Frances Perkins, secretary. Women's Bureau. Mary Anderson, director. aThrough the courtesy of the Bureau of the Census the family schedules from three large industrial cities [Fort Wayne, Indiana, Bridgeport, Connecticut, and Richmond, Virginia] in 1930 have been examined. cf. Letter of transmittal. 0aWomenxEmploymentzIndianazFort Wayne. 0aWomenxEmploymentzConnecticutzBridgeport. 0aWomenxEmploymentzVirginiazRichmond.1 aMettert, Margaret Jane Thompson,d1907-ejoint author. c36301d36301